| 000 | 00880nam a2200217Ia 4500 | ||
|---|---|---|---|
| 003 | GCL | ||
| 008 | 140319s9999 xx 000 0 ara d | ||
| 040 |
_aGCL / _cGCL |
||
| 082 | 0 | 4 |
_a658.15 _bع ا |
| 100 | 1 | _aعمار موسى | |
| 245 | 1 | 0 |
_aالادارة المالية للشركات : _bالبنية المالية ، تقييم الوضع المالى ، سياسات التمويل ، اختيار الاستثمارات ، اسواق البورصة / _cعمار موسى |
| 700 | 1 | _aعلى مصطفى | |
| 250 | _aالاولى | ||
| 260 |
_aسوريا : _bدار الرضا للنشر ، _c2005 |
||
| 300 |
_a711 ص ؛ _c24 سم |
||
| 490 |
_aسلسلة الرضا للمعلومات _v0 |
||
| 650 | 0 | 4 | _aالشركات - محاسبة |
| 650 | 0 | 4 | _aالشركات - تنظيم و ادارة |
| 650 | 0 | 4 | _aالشركات - الوضع المالى |
| 942 |
_2ddc _cBK |
||
| 999 |
_c9945 _d9945 |
||